000 00437nam a2200157 4500
001 135930
003 ES-MaACL
005 20230906195006.0
007 t|
008 070214s1950 sp r ||||1| spa d
100 1 _aRuiz G.-Valero, Manuel.
_9100806
245 1 0 _aMusa liberada /
_cManuel Ruiz G.-Valero.
260 _aBadajoz :
_b[s. n.],
_c1950 (
_fTip. Antonio Arqueros)
300 _a89 p.
852 _aES-MaACL
_j1916-F-12
_bR.30285
999 _c135930
_d135930